000 00828nam a2200217Ia 4500
001 17192
003 GE_BSU
008 181216s||||||||xx |||||||||||||| ||und||
040 _cGE_BSU
080 _a82-93:821.161.1-3
100 _aსოტნიკი, ი.
245 _aმოთხრობები
245 _cთარგმ.: ვ. ძიძიგური ; ილ.: რ. ცუცქირიძე
260 _aთბილისი
260 _bსაბლიტგამი
260 _c1958
300 _a312გვ. : ილ. ; 22სმ.
653 _aმოგზაურობა ჩაეშალათ; რაიკას ტყვეები; ვოვკა გრუშინის "არქიმედი". [და სხვა]
653 _aმოთხრობები
942 _cBK
999 _c50254
_d50254